000 00347nam a2200169Ia 4500
100 _aSulton/Jan
650 _aPhilosophy
942 _cBK
366 _f25
654 _astress
245 _aThrive on Stress
260 _bBetter Yourself Books
_aBandra
_c2000
082 _a170/SUL
_bSUL
300 _a198
546 _aENGLISH
999 _c32706
_d32706